OECD Economic Surveys: Belgium 2017 June 2017
Na minha lista:
| Formato: | Livro |
|---|---|
| Idioma: | inglês |
| Publicado em: |
Paris
OECD
2017
|
| Colecção: | OECD Economic Surveys
|
| Assuntos: | |
| Tags: |
Sem tags, seja o primeiro a adicionar uma tag!
|
MARC
| LEADER | 00000nam a2200000 4500 | ||
|---|---|---|---|
| 001 | 0240848 | ||
| 005 | 20240314123250.9 | ||
| 020 | |a 978-92-64-27738-0 | ||
| 041 | 0 | |a eng | |
| 044 | |a FR | ||
| 245 | 1 | 0 | |a OECD Economic Surveys: Belgium 2017 |b June 2017 |
| 264 | 1 | |a Paris |b OECD |c 2017 | |
| 300 | |a 127 s. | ||
| 490 | 1 | |a OECD Economic Surveys | |
| 830 | 0 | |a OECD Economic Surveys | |
| 610 | 2 | 0 | |a situácia hospodárska |
| 610 | 2 | 0 | |a makroekonomika |
| 610 | 2 | 0 | |a produktivita |
| 610 | 2 | 0 | |a prostredie podnikateľské |
| 610 | 2 | 0 | |a inovácia |
| 610 | 2 | 0 | |a dynamika ekonomiky |
| 610 | 2 | 0 | |a regulácia |
| 610 | 2 | 0 | |a reformy |
| 610 | 2 | 0 | |a starnutie populácie |
| 610 | 2 | 0 | |a vzdelávanie |
| 610 | 2 | 0 | |a zručnosti |
| 610 | 2 | 0 | |a trh práce |
| 610 | 2 | 0 | |a podpora vzdelávania |
| 610 | 2 | 0 | |a údaje štatistické |
| 610 | 2 | 0 | |a Belgicko |